The ICFAI University journal of business strategy : IJBS (Record no. 9859)

MARC details
000 -LEADER
fixed length control field 00425nam a22001217a 4500
003 - CONTROL NUMBER IDENTIFIER
control field OSt
008 - FIXED-LENGTH DATA ELEMENTS--GENERAL INFORMATION
fixed length control field 201203b ||||| |||| 00| 0 eng d
245 ## - TITLE STATEMENT
Title The ICFAI University journal of business strategy : IJBS
250 ## - EDITION STATEMENT
Edition statement 2008(Dec Vol.5 No.4) 2007(Dec Vol.4 No.4) 2010(Mar-Jun Vol.7 No.1-2) 2009(Sep-Dec Vol.6 No.3-4)
260 ## - PUBLICATION, DISTRIBUTION, ETC. (IMPRINT)
Name of publisher, distributor, etc ICFAI University Press
Place of publication, distribution, etc Hyderabad, Andhra Pradesh
650 ## - SUBJECT ADDED ENTRY--TOPICAL TERM
Topical term or geographic name as entry element Management
942 ## - ADDED ENTRY ELEMENTS (KOHA)
Source of classification or shelving scheme Dewey Decimal Classification
Koha item type BOUND VOLUME
Holdings
Withdrawn status Lost status Source of classification or shelving scheme Materials specified (bound volume or other part) Damaged status Not for loan Collection code Home library Current library Date acquired Source of acquisition Serial Enumeration / chronologySerial Enumeration / Volume No. Total Checkouts Acc. no. / Barcode Date last seen Bill Date Koha item type
    Dewey Decimal Classification Bound Volume   Not For Loan MBA PIET C-LIBRARY PIET C-LIBRARY 15/12/2020 ICFAI University Press 2008(Dec Vol.5 No.4) 2007(Dec Vol.4 No.4) 2010(Mar-Jun Vol.7 No.1-2) 2009(Sep-Dec Vol.6 No.3-4)   BV594 15/12/2020 09/01/2008 BOUND VOLUME

Design & Developed by: PIET Central Library
R70 Miles Stone Pattikalyana Samalkha Panipat 132102
mail ID :- [email protected], Phone No:- 0180-2569700 Ex.216